00807nam a2200229 4500003000900000005001700009008004100026040004600067082002300113100003300136245010800169264004900277300002400326336002200350337002400372338003300396546002000429650003600449651001000485700002500495856005700520EG-GICUC20260402110313.0260304s1975 xxu |||f |||| 00| 0 eng d a EG-GICUCbengc EG-GICUCd EG-GICUCerda04a341.1bS T . L2211 aStatsky William P. eAuthor. aLegislative Analysis: How To Use Statutes And Regulations /cBy William P. Statsky; David Matz, Editor. aSt. Paul, Minn:bWest Publishing Co.,c1975. a216 Pages ;c24 Cm. 2rda contentatext 2rda mediaaComputer 2rda carrieraOnline Resource aText in English14aPublic international law2qrmak1 2qrmak1 aMatz David eeditor.40uhttps://fll.law.cu.edu.eg/fulltext/bks/B11-08468.pdf